| 000 | 00451pab a2200169 454500 | ||
|---|---|---|---|
| 008 | 180718b2013 xxu||||| |||| 00| 0 eng d | ||
| 100 | _aPietsch, Juliet | ||
| 245 | _aImmigration and refuges: Punctuations in the commonwealth policy agenda | ||
| 260 | _c2013 | ||
| 300 | _ap.143-155. | ||
| 362 | _aJun | ||
| 650 | _aRefugees | ||
| 650 | _aImmigration | ||
| 773 | _aAustralian Journal of Public Administration | ||
| 908 | _aN | ||
| 909 | _a101291 | ||
| 999 |
_c101290 _d101290 |
||